000
00268nam a22001097a 4500
008
170124b xxu||||| |||| 00| 0 eng d
020
_a
9780815105626
041
_a
eng
080
_2
3RD
_a
618.2
245
_a
COMMUNICATIONS IN NURSING
_c
BALZER-RILEY, J.W
942
_2
udc
_c
BK
999
_c
3496
_d
3496